UFC Top 25 Fighters of All Time - Statistics

General Stats
  • This quiz has been taken 266 times
  • The average score is 17 of 25
Answer Stats
No. Answer Divison % Correct
2 Jon Jones Light Heavyweight / Heavyweight
98%
1 Georges St-Pierre Welterweight/ Middleweight
92%
17 Khabib Nurmagomedov Lightweight
92%
3 Islam Makhachev Lightweight / Welterweight
90%
5 Demetrious Johnson Flyweight
89%
4 Alexander Volkanovski Featherweight
84%
6 Alex Pereira Middleweight / Light Heavyweight
77%
15 Daniel Cormier Light Heavyweight / Heavyweight
77%
12 Ilia Topuria Lightweight
76%
10 Israel Adesanya Middleweight
74%
7 Merab Dvalishvili Banatamweight
74%
8 Petr Yan Bantamweight
74%
16 Anderson Silva Middleweight / Light Heavyweight
73%
14 Max Holloway Featherweight / Lightweight
73%
9 Kamaru Usman Welterweight
70%
11 Alexandre Pantoja Flyweight
69%
20 Jose Aldo Jr. Bantamweight / Featherweight
64%
13 Charles Oliveira Featherweight / Lightweight
63%
18 Stipe Miocic Heavyweight
60%
25 Henry Cejudo Flyweight / Bantamweight
53%
19 Dustin Poirier Lightweight
52%
22 Sean Strickland Middleweight
52%
24 Tom Aspinall Heavyweight
46%
23 Matt Hughes Welterweight
35%
21 Robert Whittaker Middleweight
32%
No matching quizzes found
Score Distribution
Percent of People with Each Score
Percentile by Number Answered
Your Score History
You have not taken this quiz